00785nam a2200229 i 45000010005000000030009000050050017000140080041000310200018000720800010000901000047001002450054001472500012002012600059002133000021002724900038002936500022003318300043003538520022003969990015004189520122004339314ES-MaACL20250824212229.0930804s1987 sp |||| | spa d a84-86568-15-3 a177.61 aHernáiz Blázquez, Juan Ignacio.96277310aSociología del amor / cJuan Ignacio Hernáiz. a1ª ed. aMadrid : bPrensa y Ediciones Iberoamericanas, c1987. a94 p. ; c18 cm.1 aLos Libros de doña Berta ; v12 7aAmor2embne9975404aLos libros de doña Bertav129178268 aES-MaACLjL-16968 c9314d9314 00104070aATENEOMbATENEOMcDEPO2d2008-01-17eSCl0oL-16968p1009505r2023-02-23 00:00:00w2023-02-23yMONOGRAFIA